Most Reliant Countries on Current Immigration - Statistics

General Stats
  • This quiz has been taken 21 times
  • The average score is 16 of 20
Answer Stats
% Country Net Migrants % Correct
85 Canada 326,000
100%
82 Switzerland 37,000
100%
94 United Kingdom 413,000
100%
67 United States 1,231,000
100%
100 Finland 18,000
94%
90 France 92,000
94%
95 Sweden 47,000
94%
100 Belgium 32,000
89%
56 Iceland 3,000
89%
89 Netherlands 105,000
89%
64 Norway 30,000
89%
87 Andorra 1,000
83%
88 Denmark 22,000
83%
67 Ireland 35,000
83%
71 Luxembourg 5,000
78%
77 Liechtenstein <1,000
67%
89 Malta 5,000
56%
100 Ukraine 1,702,000
44%
62 Cyprus 12,000
39%
67 Seychelles 2,000
0%
No matching quizzes found
Score Distribution
Percent of People with Each Score
Percentile by Number Answered
Your Score History
You have not taken this quiz